E97(大分空港道路)のIC - Statistics

General Stats
  • This quiz has been taken 20 times
  • The average score is 5 of 6
Answer Stats
大分空港道路 % Correct
IC 日出
100%
IC 杵築
92%
IC 安岐
77%
IC 速見
69%
JCT 藤原
62%
PA 相原
62%
No matching quizzes found
Score Distribution
Percent of People with Each Score
Percentile by Number Answered
Your Score History
You have not taken this quiz